Engineering Chemistry (Record no. 1136)

MARC details
000 -LEADER
fixed length control field 00416nam a22001697a 4500
005 - DATE AND TIME OF LATEST TRANSACTION
control field 20170919151905.0
008 - FIXED-LENGTH DATA ELEMENTS--GENERAL INFORMATION
fixed length control field 160519b xxu||||| |||| 00| 0 eng d
020 ## - INTERNATIONAL STANDARD BOOK NUMBER
ISBN 978-81-7409-103-3
041 ## - LANGUAGE CODE
Language code of text/sound track or separate title eng
082 ## - DEWEY DECIMAL CLASSIFICATION NUMBER
Item number 604.2
100 ## - MAIN ENTRY--AUTHOR NAME
Personal name Aggarwal O P
245 ## - TITLE STATEMENT
Title Engineering Chemistry
260 ## - PUBLICATION, DISTRIBUTION, ETC. (IMPRINT)
Name of publisher Khanna Publishing
Place of publication New Delhi
Year of publication 1979
300 ## - PHYSICAL DESCRIPTION
Number of Pages 1030
650 ## - SUBJECT ADDED ENTRY--TOPICAL TERM
Topical Term DIPLOMA ENGINEERING
942 ## - ADDED ENTRY ELEMENTS (KOHA)
Koha item type Books
Holdings
Lost status Damaged status Collection code Home library Current library Shelving location Date acquired Source of acquisition Cost, normal purchase price Full call number Accession Number Koha item type
    CS/IT JRU Library JRU Library SHELF-56-I 19/05/2016 PURCHASE 265.00 604.2 3325 Books
    CS/IT JRU Library JRU Library SHELF-56-I 19/05/2016 PURCHASE 265.00 604.2 3326 Books
    CS/IT JRU Library JRU Library SHELF-56-I 19/09/2017 Purchase 349.00 604.2 22000 Books
    CS/IT JRU Library JRU Library SHELF-56-I 19/09/2017 Purchase 349.00 604.2 22001 Books
    CS/IT JRU Library JRU Library SHELF-56-I 19/09/2017 Purchase 349.00 604.2 22002 Books
    MANAGEMENT JRU Library JRU Library SHELF-50-D 19/09/2017 Purchase 349.00 604.2 22003 Books
    CS/IT JRU Library JRU Library SHELF-56-I 19/09/2017 Purchase 349.00 604.2 22004 Books